000 00500nam a2200181Ia 4500
008 090124s9999 xx 000 0 und d
082 _b43944
100 _aदिवाण वृंदा
245 _a पत्र
250 _a1
260 _bविद्यार्थी प्रकाशन
_c2005
300 _a192
600 _aदिवाण वृंदा
630 _a पत्र
700 _aदिवाण वृंदा
730 _a पत्र
942 _cBOOK
999 _c110163
_d110163